000 00755nam a22002177a 4500
999 _c13283
_d13283
003 AR-CdUCM
008 190409b ||||| |||| 00| 0 spa d
020 _a978-607-618-208-6
040 _aMUNICIPALIDAD PROVINCIAL DEL CUSCO
_cBIBLIOTECA MUNICIPAL DEL CUSCO
082 _aEP / 804 /
_bT48
100 _aThomas, Tig
_931603
245 _a50 historias de juguetes /
260 _aMéxico :
_bSilver Dollphin,
_c2014.
300 _a512 páginas
_c23 cm.
505 _aContenido :Momentos mágicos -- Los niños y sus juguetes -- Aventuras y problemas -- Juego de niños -- Por el ancho mundo ...
650 _aHistorietas
_910786
650 _aCuentos
_9217
700 _aCaballero, Samantha
_931604
942 _2ddc
_cLIBROS
945 _arum
_d2019-04-11